| 000 | 00479pab a2200169 454500 | ||
|---|---|---|---|
| 008 | 180718b1998 xxu||||| |||| 00| 0 eng d | ||
| 100 | _aSridharacharyulu, M. | ||
| 245 | _aPersonal liberty, human rights, jurisprudence and prison reforms: a study of Yerwada jail | ||
| 260 | _c1998 | ||
| 300 | _ap.66-103 | ||
| 362 | _aDec | ||
| 650 | _aPrisoners | ||
| 650 | _aLegal theory | ||
| 650 | _aHuman rights | ||
| 773 | _aJournal of the Institute of Human Rights | ||
| 909 | _a40390 | ||
| 999 |
_c40390 _d40390 |
||